000 00696nam a2200205 i 4500
001 120858
003 ES-MaACL
005 20240522063046.0
007 t|
008 070214s1961 sp r ||||1| spa d
100 1 _aLamartine, Alphonse de,
_d1790-1869
_969776
245 1 0 _aGraziella
_b; Rafael /
_cAlphonse de Lamartine ; nota preliminar de Federico S[ainz] [de] R[obles].
260 _aMadrid :
_b[s. n.],
_c1961 (
_f[Imp. Gardal])
300 _a461 p. :
_bil. : retr. aut. ;
_c12 cm.
490 1 _aCrisol
700 1 _aSainz de Robles, Federico Carlos,
_d1898-1982
_9101593
830 0 _aCrisol
_9180848
852 _aES-MaACL
_jD-6734
_bR.49262
999 _c120858
_d120858